| 000 | 00947nam a2200301 a 4500 | ||
|---|---|---|---|
| 001 | 28570 | ||
| 003 | BD-RjUL | ||
| 005 | 20211209051311.0 | ||
| 008 | 150826s1977 nyua b 001 0 eng d | ||
| 020 | _a0713158999 : | ||
| 035 | _a(BD-RjUL) 28651 | ||
| 040 |
_aDLC _cDLC _dDLC _dBD-RjUL _beng |
||
| 041 | _aeng | ||
| 082 | 0 | 0 |
_a301.3 _bHAL 1977 |
| 100 | 1 |
_aHaggett, Peter. _967858 |
|
| 245 | 1 | 0 |
_aLocational Analysis in Human Geography / _cPeter Haggett, Andrew D. Cliff, Allan Frey. |
| 250 | _a2nd ed. | ||
| 260 |
_aLondon : _bEdward Arnold, _c1977. |
||
| 300 |
_axiv, 605 p. : _bill. ; _c25 cm. |
||
| 504 | _aIncludes bibliographical references and index. | ||
| 650 | 0 |
_aHuman geography. _987513 |
|
| 650 | 0 |
_aEconomic geography. _97860 |
|
| 700 | 1 |
_aCliff, A. D. _q(Andrew David), _ejoint author. _987514 |
|
| 700 | 1 |
_aFrey, Allan E., _ejoint author. _987515 |
|
| 942 |
_2ddc _cBK _04 |
||
| 999 |
_c28570 _d28570 |
||